000 00524nam a22001937a 4500
003 LK-CoMWRAF
005 20240527130338.0
008 231212b |||||||| |||| 00| 0 eng d
040 _aLK-CoMWRAF
_dLK-CoMWRAF
_eLK-CoMWRAF
041 _aeng
082 _a305.8
_bMOH
100 _aMohideen, M.I.M.
245 _aTamil-muslim ethnic conflict in the east:
_b20-30 June 2002
260 _aColombo:
_b[Author],
_c2002
300 _a8 p.
650 _aETHNIC CONFLICT-Sri Lanka
650 _aCivil war-Sri Lanka
942 _cBK
999 _c4369
_d4369